Practical chemistry: (Record no. 22876)

MARC details
000 -LEADER
fixed length control field 00788nam a22002057a 4500
008 - FIXED-LENGTH DATA ELEMENTS--GENERAL INFORMATION
fixed length control field 090202t xxu||||| |||| 00| 0 eng d
010 ## - LCCN (DPL NO)
LC control number ENG-92772
020 ## - INTERNATIONAL STANDARD BOOK NUMBER
Terms of availability 60.00
035 ## - SYSTEM CONTROL NUMBER
System control number EN-76305
037 ## - SOURCE OF ACQUISITION
Source of stock number/acquisition DBAD / PUB
040 ## - CATALOGING SOURCE
Original cataloging agency dpl
Language of cataloging English
082 ## - DEWEY DECIMAL CLASSIFICATION NUMBER
Classification number 540.78
100 ## - MAIN ENTRY--PERSONAL NAME
Personal name Ilayaraja, S.
245 ## - TITLE STATEMENT
Title Practical chemistry:
Statement of responsibility, etc by S. Ilayaraja
Remainder of title (for B.Sc., chemistry students) /
260 ## - PUBLICATION, DISTRIBUTION, ETC. (IMPRINT)
Place of publication, distribution, etc Mdurai
Name of publisher, distributor, etc Radha Publication
Date of publication, distribution, etc 2008
270 ## - ADDRESS
Address 4/167, Mullai Street, Kurinji Nagar, Reserve Line Post,q
City Madurai
Postal code 625014
300 ## - PHYSICAL DESCRIPTION
Extent 115p.
Dimensions 24cm (pbk)
942 ## - ADDED ENTRY ELEMENTS (KOHA)
Source of classification or shelving scheme Dewey Decimal Classification
Item type English Books
Call number suffix ILA
Classification part 540.78
Holdings
Withdrawn status Lost status Source of classification or shelving scheme Damaged status Not for loan Collection code Home library Current library Date acquired Source of acquisition Cost, normal purchase price Total Checkouts Full call number Barcode Date last seen Copy number Cost, replacement price Koha item type
    Dewey Decimal Classification   Not For Loan Non-fiction D.B.Act.Division D.B.Act.Division 02/02/2009 DBAD / PUB 60.00   540.78 ILA EN-76305 02/02/2009 1 60.00 English Books

© Delhi Public Library
Hit Counter
free hit counter